Zákon o dani z pridanej hodnoty

Úplné znenie zákona NR SR č. 289/1995 Z.z. o dani z pridanej hodnoty v znení neskorších zákonov a novely zákona NR SR č. 371/1997 Z.z., ktorá nadobudla účinnosť 1.1.1998. Podstatné zmeny obsahuje nová príloha č. 1 k zákonu - zoznam tovarov a služieb podliehajúcich sadzbe dane 6 perc. Komentár k jedn...

Ausführliche Beschreibung

Gespeichert in:
Bibliographische Detailangaben
1. Verfasser: Zuziková, Alena
Format: Buchkapitel
Sprache:Slowakisch
Schlagworte:
Tags: Tag hinzufügen
Keine Tags, Fügen Sie das erste Tag hinzu!

MARC

LEADER 00000naa a2200000 4500
001 r030667
005 20230919081057.9
041 0 |a slo 
044 |a SK 
245 1 0 |a Zákon o dani z pridanej hodnoty  |c Alena Zuziková 
520 |a Úplné znenie zákona NR SR č. 289/1995 Z.z. o dani z pridanej hodnoty v znení neskorších zákonov a novely zákona NR SR č. 371/1997 Z.z., ktorá nadobudla účinnosť 1.1.1998. Podstatné zmeny obsahuje nová príloha č. 1 k zákonu - zoznam tovarov a služieb podliehajúcich sadzbe dane 6 perc. Komentár k jednotlivým ustanoveniam zákona. 
610 2 0 |a zákony 
610 2 0 |a dane z hodnoty pridanej 
610 2 0 |a Slovensko 
610 2 0 |a 1996-1997 
610 2 0 |a novelizácia 
610 2 0 |a sadzby daňové 
610 2 0 |a komentáre 
100 1 |a Zuziková, Alena